Integración económica y política tecnológica (Registro nro. 17075)

Detalles MARC
000 -LEADER
fixed length control field 00328 a2200109 4500
001 - CONTROL NUMBER
control field ART_7818
005 - DATE AND TIME OF LATEST TRANSACTION
control field 20260410161722.0
008 - FIXED-LENGTH DATA ELEMENTS--GENERAL INFORMATION
fixed length control field 260409a
100 1# - MAIN ENTRY--PERSONAL NAME
Personal name Sagasti, F. R.
245 10 - TITLE STATEMENT
Title Integración económica y política tecnológica
773 0# - HOST ITEM ENTRY
Title Revista de la integración
Related parts - Nº 18 (ene. 1975)
Record control number REV1815

No hay ítems disponibles.